The total survey error approach : a guide to the new science of survey research

Αποθηκεύτηκε σε:
Λεπτομέρειες βιβλιογραφικής εγγραφής
Κύριος συγγραφέας: Weisberg, Herbert F.
Μορφή: Βιβλίο
Γλώσσα:English
Δημοσίευση: Chicago : University of Chicago Press, 2005.
Θέματα:
Ετικέτες: Προσθήκη ετικέτας
Δεν υπάρχουν, Καταχωρήστε ετικέτα πρώτοι!

MARC

LEADER 00000nam a2200000 a 4500
001 1/106930
008 150612s2005####ilu|||||||||||||| ||eng||
020 |a 0226891283 
040 |a GR-MyUa  |b gre  |c GR-MyUa  |e AACR2 
041 0 |a eng 
082 7 |a 300.723  |2 (23) 
100 1 |a Weisberg, Herbert F. 
245 1 4 |a The total survey error approach :   |b a guide to the new science of survey research /   |c Herbert E. Weisberg.  
250 |a   
260 |a Chicago :   |b University of Chicago Press,   |c 2005.  
300 |a ix, 389 σ. ;   |c 24 εκ.  
504 |a Περιέχει βιβλιογραφικές αναφορές και ευρετήριο.  
650 0 |a Social surveys 
650 0 |a Social sciences  |x Research. 
852 |a INST  |b LESVOS  |c BK  |e 20150612  |h 300.723 WEI  |p 005100056915  |q 005100056915  |t BK  |y 0 
922 |a 1ΕΛΗ  |b 2015-04  |c Τμήμα Κοινωνιολογίας  |d Διαδρομές 
970 |a Καμάτσου  |b Δέσποινα  |z 12-06-2015